|
|
|
|
| LEADER |
02263nam a22005295i 4500 |
| 001 |
978-3-540-32412-6 |
| 003 |
DE-He213 |
| 005 |
20151107211152.0 |
| 007 |
cr nn 008mamaa |
| 008 |
100806s2005 gw | s |||| 0|eng d |
| 020 |
|
|
|a 9783540324126
|9 978-3-540-32412-6
|
| 024 |
7 |
|
|a 10.1007/11542766
|2 doi
|
| 040 |
|
|
|d GrThAP
|
| 050 |
|
4 |
|a TP248.13-248.65
|
| 072 |
|
7 |
|a TCB
|2 bicssc
|
| 072 |
|
7 |
|a SCI010000
|2 bisacsh
|
| 082 |
0 |
4 |
|a 660.6
|2 23
|
| 245 |
1 |
0 |
|a Gene Therapy and Gene Delivery Systems
|h [electronic resource] /
|c edited by David V. Schaffer, Weichang Zhou.
|
| 264 |
|
1 |
|a Berlin, Heidelberg :
|b Springer Berlin Heidelberg,
|c 2005.
|
| 300 |
|
|
|a IX, 285 p.
|b online resource.
|
| 336 |
|
|
|a text
|b txt
|2 rdacontent
|
| 337 |
|
|
|a computer
|b c
|2 rdamedia
|
| 338 |
|
|
|a online resource
|b cr
|2 rdacarrier
|
| 347 |
|
|
|a text file
|b PDF
|2 rda
|
| 490 |
1 |
|
|a Advances in Biochemical Engineering/Biotechnology,
|x 0724-6145 ;
|v 99
|
| 505 |
0 |
|
|a Gene Therapy and Gene Delivery Systems as Future Human Therapeutics -- Molecular Conjugates -- Plasmid Vaccines and Therapeutics -- From Design to Applications -- Non-Viral Delivery of Cancer Genetic Vaccines -- Adeno-Associated Virus as a Gene Therapy Vector -- Vector Development, Production and Clinical Applications -- Advanced Targeting Strategies for Murine Retroviral and Adeno-Associated Viral Vectors -- Lentiviral Vectors -- Production and Formulation of Adenovirus Vectors.
|
| 650 |
|
0 |
|a Chemistry.
|
| 650 |
|
0 |
|a Human genetics.
|
| 650 |
|
0 |
|a Medical microbiology.
|
| 650 |
|
0 |
|a Molecular biology.
|
| 650 |
|
0 |
|a Biotechnology.
|
| 650 |
|
0 |
|a Biochemistry.
|
| 650 |
1 |
4 |
|a Chemistry.
|
| 650 |
2 |
4 |
|a Biotechnology.
|
| 650 |
2 |
4 |
|a Human Genetics.
|
| 650 |
2 |
4 |
|a Molecular Medicine.
|
| 650 |
2 |
4 |
|a Medical Microbiology.
|
| 650 |
2 |
4 |
|a Biochemistry, general.
|
| 700 |
1 |
|
|a Schaffer, David V.
|e editor.
|
| 700 |
1 |
|
|a Zhou, Weichang.
|e editor.
|
| 710 |
2 |
|
|a SpringerLink (Online service)
|
| 773 |
0 |
|
|t Springer eBooks
|
| 776 |
0 |
8 |
|i Printed edition:
|z 9783540284048
|
| 830 |
|
0 |
|a Advances in Biochemical Engineering/Biotechnology,
|x 0724-6145 ;
|v 99
|
| 856 |
4 |
0 |
|u http://dx.doi.org/10.1007/11542766
|z Full Text via HEAL-Link
|
| 912 |
|
|
|a ZDB-2-CMS
|
| 950 |
|
|
|a Chemistry and Materials Science (Springer-11644)
|